Responses for show #3694 - Thursday, September 28, 2000

Contestants

[<< previous game]

Monica Gruber, an administrative assistant from Plantation, Florida

Chris Losoya, a schoolteacher from Whittier, California

Bill Shields, a Lutheran pastor from Pontiac, Illinois (whose 1-day cash winnings total $12,200)

[next game >>]

Jeopardy! Round responses

THE WORLD BY THE NUMBERS
GOULASH
"ISM" NATION
EAT YOUR CARBOHYDRATES
FRENCH BRED
ROLES
(Alex: We'll give you the roles, you have to name the actor.)
    $100 6
24

Bill
    $100 12
"Black Gold"

Bill
    $100 11
Botulism

Monica
    $100 21
Rice

Bill
    $100 26
Gustave Eiffel

Chris
    $100 1
Marlon Brando

Chris
    $200 7
2.5

Bill
    $200 17
(Alex: I could do the laugh before my voice changed!)

Woody Woodpecker

Triple Stumper
    $200 13
Cubism

Bill
    $200 22
Pecan pie

Triple Stumper
    $200 27
Eleanor

Chris
    $200 2
Barbra Streisand

Bill
    $300 8
300 million

Bill
    $300 18
Fabric/cloth

Monica
    $300 14
Aneurysm

Bill
    $300 23
Rigatoni

Bill
    $500 28
Victor Hugo

Chris
    $300 3
Johnny Depp

Monica
    $400 9
190

Bill
    $400 19
The Treasurer & the Secretary of the Treasury

Bill
    $400 15
Anachronism

Bill
    $400 24
Dumpling

Triple Stumper
    $400 29
Robespierre

Triple Stumper
    $400 4
(C: Who is Pierce Brosnan?)

Steve McQueen

ChrisMonica
    $500 10
(C: What is 28,000?)

8,000

BillChris
    $500 20
Kikkoman

Chris
    $500 16
Zoroastrianism

Bill
    $500 25
Beet

Monica
    $500 30
(C: Who are the Montpelier Brothers?)

Montgolfier Brothers

Chris
Triple Stumper
    $500 5
Geena Davis

Bill

Scores at the first commercial break (after clue 16):

Bill Chris Monica
$3,700 -$800 $800

Scores at the end of the Jeopardy! Round:

Bill Chris Monica
$4,500 $0 $1,600

Double Jeopardy! Round responses

PHYSICS
THE SIMPSONS
THE BALKAN SCENE
KISS, THE BAND
CONTEMPORARIES
INSERT (TEXT) HERE
(Alex: We'll give you a quotation or something, you have to fill in the blank.)
    $200 16
(C: What is a steam engine?)

Horse (horsepower)

BillChris
    $200 1
(B: Who is Sarah Ferguson?)

Wallis Simpson

BillChris
    $200 20
Greece

Bill
    $200 6
All Night

Bill
    $200 11
Daniel Defoe

Chris
    $200 15
Wag

Bill
    $400 17
(M: What is a lever?)
(C: What is a wedge?)

Inclined plane

BillChrisMonica
    $400 2
Jessica Simpson

Chris
    $400 21
Bosnia-Herzegovina

Bill
    $400 7
(B: What is Arabic?)
(M: What is Israeli?)

Hebrew

BillMonica
Triple Stumper
    $400 12
Kublai Khan

Bill
    $400 24
(minute to go...)

Standing

Bill
    $600 18
Recoil

Chris
    $600 3
Don Simpson

Chris
    $600 26
Albania

Bill
    $600 8
Blood

Bill
    $600 13
Sandro Botticelli

Monica
    $600 25
Peasant

Triple Stumper
    $800 19
Gravity

Chris
    $800 4
Alan Simpson

Bill
    $800 27
Croatia

Bill
    $800 9
Fire

Chris
    $800 14
Roger Williams

Triple Stumper
    $800 29
(buzzer sounds)

Shining

Triple Stumper
    $700 22
White

Bill
    $1000 5
Ashford & Simpson

Chris
    $500 28
Sarajevo

Bill
    $1000 10
Ace Frehley

Monica
    $1000 23
Gabriel Fallopius

Triple Stumper

Scores at the end of the Double Jeopardy! Round:

Bill Chris Monica
$10,300 $4,000 $2,400
(lock game)

[wagering suggestions for these scores]

Final Jeopardy! Round responses

NOVELISTS
MonicaWho is Peter Benchley?
$2,300
ChrisWho is Cousteau?
$801
BillWho is Peter Benchley
$2,299
Peter Benchley

Final scores:

Bill Chris Monica
$12,599 $3,199 $4,700
2-day champion: $24,799 3rd place: American Historic Society Gift Certificate 2nd place: Trip to Los Cabos, Mexico courtesy of Yahoo! Travel

Game dynamics:

Coryat scores:

Bill Chris Monica
$11,100 $3,800 $2,400
29 R
(including 2 DDs),
2 W
13 R
(including 1 DD),
5 W
7 R,
2 W

Combined Coryat: $17,300

The J! Archive is created by fans, for fans. The Jeopardy! game show and all elements thereof, including but not limited to copyright and trademark thereto, are the property of Jeopardy Productions, Inc. and are protected under law. This website is not affiliated with, sponsored by, or operated by Jeopardy Productions, Inc. Join the discussion at JBoard.tv.